000 00859nam a2200265 a 4500
001 9837
003 BD-RjUL
005 20211208234839.0
008 140122t1953 nyua 001 0 eng
035 _a(BD-RjUL)9882
040 _aDLC/ICU
_cICU
_beng
_dBD-RjUL
041 _aeng
082 0 0 _a523.4
_223
_bDRH 1953
100 1 0 _aDreyer, J. L. E.
_930408
245 1 2 _aA history of astronomy from Thales to Kepler :
_bformerly titled History of the planetary systems from Thales to Kepler /
_cJ. L. E. Dreyer; rev. with a foreword by W.H. Stahl.
250 _a2d ed.
260 _aNew York :
_bDover Publications,
_cc1953.
300 _ax, 438 p. :
_bill. ;
_c22 cm.
504 _aIncludes index.
650 0 _aAstronomy
_xHistory.
_925927
651 0 _aSolar system.
_930409
700 _aStahl. W.H.
_9155598
942 _2ddc
_cBK
999 _c9837
_d9837